Регионална библиотека "Любен Каравелов" - Русе

Социално и здравно осигуряване (Запис номер 86149)

MARC детайли
000 -Лидер
Контролно поле с фиксирана дължина 01778nam a2200373 c 4500
003 - Код на организацията, давaща контролен номер
Контролно поле BLK
005 - Дата и час на последна редакция
Контролно поле 20240308130601.0
008 - Елементи от данни с фиксирана дължина
fixed length control field 180408b bul|||||r ||||||| ||bul||
010 ## - Наследен системен номер
LC control number KNG00090766000
040 ## - Източник на каталожния запис
Идентификатор на билиотеката - собственик на записа BLK
041 ## - Код за език
Код за езика на текст/звукозапис или на отделно заглавие Български
Код за езика КДБФ Български
080 ## - УДК
Текстов определител УДК Социално осигуряване. Работническо осигуряване
УДК код - определител по УДК 368.4
УДК определител (497.2)(035)
УДК - код + определител 368.4(497.2)(035)
080 ## - УДК
Текстов определител УДК Социално осигуряване при болест
УДК код - определител по УДК 368.42
УДК определител (497.2)(035)
УДК - код + определител 368.42(497.2)(035)
100 1# - Редна дума - Автор
Автор Петкова, Аспасия Методиева
R(LIN) 109076
139 ## - Редно поле
Редна дума Петкова, Аспасия Методиева
Авторски знак Петко - П 44
245 10 - Сведения за заглавието
Заглавие Социално и здравно осигуряване
Подзаглавни данни Промените в сила от 1.1.2009 г.
Редно поле (дума) Аспасия Методиева Петкова.
257 ## - Страна на издаване
Страна на създаване/издаване България
260 ## - Област на издателските данни
-- София
Име на издателя, разпространителя и проч. Персонал-консулт
Година на издаване 2008
300 ## - Физическа характеристика
Страници 56 с.
Размери/Мащаб 21 см
380 ## - Жанр
Жанр Обществени науки
490 1# - СЕРИИ (Колекции)
Име на серия Библиотека Човешки ресурси
500 ## - Общи забележки
Забележка Кор. загл. - Кн. е бр.7/2009 на сп. Справочник на счетоводителя. - В кн. означено Кн.3/2009.
650 #4 - Допълнително описание по предмет – тема
Основно описание – тема или топоним Обществено осигуряване - България
9 (RLIN) 244245
650 #4 - Допълнително описание по предмет – тема
Основно описание – тема или топоним Здравно осигуряване - България - наръчници и ръководства
9 (RLIN) 271582
653 ## - Ключова дума – ненормативна
Ключова дума обществено осигуряване
653 ## - Ключова дума – ненормативна
Ключова дума социално осигуряване
653 ## - Ключова дума – ненормативна
Ключова дума здравно осигуряване
852 ## - Местоположение
Форматна сигнатура Цб 244870
856 4# - Електронен адрес и достъп
Електронен формат pdf - файл
Път до файла /url/
856 4# - Електронен адрес и достъп
Електронен формат pdf - файл
Път до файла /url/
942 ## - АРТИКУЛИ
Вид на библиотечния материал Книги
Скрит в OPAC Не
944 ## - СЪЗДАВАНЕ И РЕДАКЦИЯ на ЗАПИСА
Създаване/Редакция Създаване
Дата на регистрацията/редакция 21.07.2009
Статус, дата на статуса Геновева Генчева
Служител, извършил регистрацията/редакцията 30560
944 ## - СЪЗДАВАНЕ И РЕДАКЦИЯ на ЗАПИСА
Създаване/Редакция Редакция
Дата на регистрацията/редакция 29.07.2009
Статус, дата на статуса ф /
Служител, извършил регистрацията/редакцията
999 ## - СИСТЕМНИ КОНТРОЛНИ НОМЕРА
Koha biblionumber 86149
Koha biblioitemnumber 86149
Наличности
Код за отписване Код за изгубен артикул Код за повреда Коз за рестрикции Код за отдаване Артикулен № Име на библиотеката - собственик Име на библиотеката, в която се намира в момента Статус (Текущо местоположение) Дата на вписване в системата Местоположение - отдел Цена в лева Инвентарен номер Систематично азбучна сигнатура Баркод Номер на екземпляра Цена в евро Служебна бележка Служебен тип на артикула
  Не е изгубен Не е повреден без рестрикции заемане за дома 139535 Регионална библиотека "Любен Каравелов" Русе Регионална библиотека "Любен Каравелов" Русе Заемна - подръчен фонд 2009-07-21 Заемна - подръчен фонд 5.00 120000737206 П 36/П 44 120000737206 1 2.56 Дост: DA Вид: А N: 9 Дата: 21.07.2009 Дата инв: 07.02.2018 Бележки инв: П2018 Книги
Vip Innovations Ltd, Rousse, Bulgaria 2025